Every country in Asia except the islands of Asia - Statistics

General Stats
  • This quiz has been taken 20 times
    6 since last reset
  • The average score is 35 of 40
Answer Stats
Population Answer % Correct
38,928,346 Afghanistan
100%
2,963,243 Armenia
100%
10,39,177 Azerbaijan
100%
164,689,383 Bangladesh
100%
771,608 Bhutan
100%
1,439,323,776 China
100%
3,989,167 Georgia
100%
1,380,004,385 India
100%
83,992,949 Iran
100%
40,22,493 Iraq
100%
8,655,535 Israel
100%
10,203,134 Jordan
100%
21,413,249 Kazakhstan
100%
6,524,195 Kyrgyzstan
100%
6,825,445 Lebanon
100%
3,278,290 Mongolia
100%
29,136,808 Nepal
100%
5,850,342 Oman
100%
220,892,340 Pakistan
100%
2,881,053 Qatar
100%
34,813,871 Saudi Arabia
100%
17,500,658 Syria
100%
9,537,645 Tajikistan
100%
84,339,067 Turkey
100%
6,031,200 Turkmenistan
100%
9,890,402 United Arab Emirates
100%
33,469,203 Uzbekistan
100%
97,338,579 Vietnam
100%
29,825,964 Yemen
100%
437,479 Brunei
67%
16,718,965 Cambodia
67%
4,270,571 Kuwait
67%
7,275,560 Laos
67%
54,409,800 Myanmar
67%
25,778,816 North Korea
67%
145,934,462 Russia
67%
51,269,185 South Korea
67%
69,799,978 Thailand
67%
100 2 million Egypt
0%
5,101,414 Palestine
0%
No matching quizzes found
Score Distribution
Percent of People with Each Score
Percentile by Number Answered
Your Score History
You have not taken this quiz since the last reset